Fearless by Taylor Swift Tracklist - Statistics

General Stats
  • This quiz has been taken 8 times
  • The average score is 10 of 13
Answer Stats
# Song Title % Correct
1 Fearless
100%
3 Love Story
100%
5 White Horse
100%
7 Breathe (feat. Colbia Caillat)
83%
13 Change
83%
2 Fifteen
83%
11 Forever & Always
83%
4 Hey Stephen
83%
12 The Best Day
67%
10 The Way I Loved You
67%
6 You Belong With Me
67%
9 You're Not Sorry
67%
8 Tell Me Why
50%
No matching quizzes found
Score Distribution
Percent of People with Each Score
Percentile by Number Answered
Your Score History
You have not taken this quiz